000 00402nam a22001697a 4500
003 MPLRDC
005 20220104124601.0
008 210129b ||||| |||| 00| 0 eng d
082 _a859.6 QL
100 _a亚瑟. C.奇勒著; 李昕译
245 _a海豚岛历险记
_c
260 _a
_b大光出版社
_c1979
300 _b
490 _a儿童文学
650 _a
942 _cBK
_o859.6 QL
999 _c20498
_d20488